000
00310nam a2200133Ia 4500
100
_a
Thomas/R/ Rogers/L.R.
942
_c
BK
654
_a
unix
245
_a
Advanced Programmers Guide to Unix System V
260
_b
Osborne Mc graw Hill
_a
Singapore
_c
1987
300
_a
484
546
_a
ENGLISH
999
_c
27424
_d
27424